[Event "European Youth Chess Championship G16"]
[Site "Prague, Top Hotel Prague"]
[Date "2016.08.21"]
[Round "4.16"]
[White "Koehler, Inken"]
[Black "Ambrozova, Lucie"]
[Result "1-0"]
[WhiteElo "2008"]
[BlackElo "1862"]
[PlyCount "107"]
[EventDate "2016.08.18"]

1. e4 c5 2. Nf3 d6 3. Bb5+ Bd7 4. Bxd7+ Qxd7 5. c4 Nc6 6. Nc3 Nf6 7. d4 cxd4 8.
Nxd4 g6 9. f3 Bg7 10. Nde2 O-O 11. O-O Rfc8 12. b3 Qd8 13. Be3 Qa5 14. Rc1 Rab8
15. Kh1 a6 16. a4 Qd8 17. Qd2 Na5 18. Rb1 Nd7 19. Nd5 e6 20. Nb6 Nxb6 21. Qxa5
Nd7 22. Qxd8+ Rxd8 23. Rfd1 Nc5 24. Bd4 Be5 25. Nc3 Rbc8 26. a5 Kf8 27. Kg1 Ke8
28. g3 g5 29. Kf2 h5 30. Ke3 g4 31. f4 Bxd4+ 32. Rxd4 Rc6 33. Na2 Ke7 34. Nb4
Rc7 35. Nd3 Rh8 36. Nf2 Nd7 37. Rbd1 Rc6 38. e5 d5 39. cxd5 Rc3+ 40. R1d3 Rxd3+
41. Kxd3 Rc8 42. d6+ Kd8 43. Rc4 f5 44. exf6 Nxf6 45. Rxc8+ Kxc8 46. Ne4 Nd5
47. Nc5 Nb4+ 48. Kc3 Nc6 49. b4 Nd8 50. Kd4 Nc6+ 51. Kc4 e5 52. f5 Nd8 53. f6
Nf7 54. Kd5 1-0

[Event "European Youth Chess Championship G16"]
[Site "Prague, Top Hotel Prague"]
[Date "2016.08.21"]
[Round "4.17"]
[White "Imperor, Amelie"]
[Black "Hrescak, Ivana"]
[Result "0-1"]
[WhiteElo "1874"]
[BlackElo "2007"]
[PlyCount "118"]
[EventDate "2016.08.18"]

1. e4 c5 2. Nf3 d6 3. Bb5+ Bd7 4. Bxd7+ Qxd7 5. c4 e5 6. Nc3 g6 7. a3 Nc6 8.
Rb1 Nge7 9. b4 Bg7 10. d3 O-O 11. Nd5 Rad8 12. O-O b6 13. Bg5 f6 14. Bd2 Rc8
15. Qa4 Kh8 16. Rfc1 f5 17. Bg5 Ng8 18. b5 Nb8 19. Bd2 Bh6 20. Ne3 Rf7 21. Qc2
Rcf8 22. Re1 Qc8 23. Bc3 f4 24. Nd5 g5 25. Qb2 Nd7 26. Kh1 Ndf6 27. Nxf6 Nxf6
28. a4 Kg8 29. a5 bxa5 30. Ra1 Rg7 31. Rxa5 Rff7 32. Ra6 Rd7 33. Nxe5 dxe5 34.
Bxe5 Rg6 35. Rxf6 Rxf6 36. Bxf6 Rxd3 37. e5 Qd7 38. e6 Qxe6 39. Qb1 Qd7 40. b6
axb6 41. Qxb6 Rd1 42. Qa5 Qd3 43. Kg1 Qe2 44. Bc3 g4 45. Qd8+ Rxd8 46. Rxe2 Bg7
47. Be1 Rd1 48. h3 Bc3 49. hxg4 Rxe1+ 50. Rxe1 Bxe1 51. Kf1 Bc3 52. Ke2 Bd4 53.
Kf3 Kf7 54. g3 fxg3 55. Kxg3 Kg6 56. f4 h5 57. gxh5+ Kxh5 58. Kf3 Kg6 59. Ke4
Kf6 0-1

[Event "European Youth Chess Championship G16"]
[Site "Prague, Top Hotel Prague"]
[Date "2016.08.21"]
[Round "4.18"]
[White "Cieslak, Wiktoria"]
[Black "Egyed, Judit"]
[Result "1-0"]
[WhiteElo "1865"]
[BlackElo "1979"]
[PlyCount "115"]
[EventDate "2016.08.18"]

1. e4 d6 2. d4 Nf6 3. Nc3 g6 4. f4 Bg7 5. Nf3 O-O 6. Bd3 c5 7. dxc5 dxc5 8. e5
Nd5 9. Nxd5 Qxd5 10. Qe2 Nc6 11. c3 a6 12. Be4 Qd7 13. Be3 b6 14. Rd1 Qc7 15.
O-O Bb7 16. h4 e6 17. h5 Ne7 18. Bc2 Nf5 19. Bf2 Qc6 20. Rfe1 Qb5 21. hxg6 hxg6
22. Bxf5 exf5 23. Rd6 Qxe2 24. Rxe2 Rab8 25. Nd2 Bc8 26. Nc4 b5 27. Nb6 Be6 28.
Bxc5 Rfe8 29. Nd7 Rbd8 30. Red2 Bxa2 31. Rxa6 Be6 32. Rad6 g5 33. g3 g4 34. Nb6
Rb8 35. Nd5 Kh7 36. b4 Kg6 37. Nc7 Re7 38. Rc6 Rxc7 39. Rxc7 Bf8 40. Bxf8 Rxf8
41. Rd6 Ra8 42. Re7 Ra1+ 43. Kf2 Ra2+ 44. Ke3 Rg2 45. Rdxe6+ fxe6 46. Rxe6+ Kh5
47. Rf6 Rxg3+ 48. Kd4 Rf3 49. Rxf5+ Kh4 50. Rf8 g3 51. e6 g2 52. Rh8+ Kg3 53.
Rg8+ Kf2 54. e7 Rg3 55. Rxg3 Kxg3 56. e8=Q g1=Q+ 57. Qe3+ Qxe3+ 58. Kxe3 1-0

[Event "European Youth Chess Championship G16"]
[Site "Prague, Top Hotel Prague"]
[Date "2016.08.21"]
[Round "4.19"]
[White "Leser, Katrin"]
[Black "Ahmadova, Irada"]
[Result "1-0"]
[WhiteElo "1979"]
[BlackElo "1627"]
[PlyCount "35"]
[EventDate "2016.08.18"]

1. e4 c5 2. Nf3 e6 3. d4 cxd4 4. Nxd4 a6 5. c4 Nf6 6. Nc3 Bb4 7. Qd3 Nc6 8.
Nxc6 dxc6 9. Qxd8+ Kxd8 10. e5 Ne4 11. a3 Ba5 12. b4 Nxc3 13. bxa5 f6 14. exf6
e5 15. fxg7 Re8 16. Bb2 Na4 17. O-O-O+ Kc7 18. g8=Q 1-0

[Event "European Youth Chess Championship G16"]
[Site "Prague, Top Hotel Prague"]
[Date "2016.08.21"]
[Round "4.20"]
[White "Nemcova, Kamila"]
[Black "Grigoryan, Arpine"]
[Result "1/2-1/2"]
[WhiteElo "1774"]
[BlackElo "1964"]
[PlyCount "109"]
[EventDate "2016.08.18"]

1. e4 c6 2. d4 d5 3. Nc3 dxe4 4. Nxe4 Bf5 5. Ng3 Bg6 6. Nh3 e6 7. Bc4 Bd6 8.
O-O Nf6 9. f4 Qc7 10. Kh1 O-O 11. c3 Nbd7 12. Bb3 Rad8 13. Qe2 c5 14. Be3 cxd4
15. cxd4 Nb6 16. Bg1 Bf5 17. Rac1 Qd7 18. Ng5 Bg4 19. Qd3 Nbd5 20. Bxd5 exd5
21. h3 h6 22. hxg4 hxg5 23. fxg5 Qxg4 24. gxf6 Bxg3 25. Bh2 Bxh2 26. Kxh2 Rd6
27. fxg7 Rh6+ 28. Kg1 Kxg7 29. Rf3 Rg6 30. Rc2 Re8 31. Kh2 Re4 32. Qf1 Re7 33.
Rcf2 Qh4+ 34. Kg1 Qxd4 35. Rd3 Qb4 36. Re2 Qc5+ 37. Rf2 Re4 38. Rc3 Qb6 39. Rb3
Qe6 40. Kh2 Qe5+ 41. Kg1 Re1 42. Rxf7+ Kg8 43. Rf8+ Kh7 44. Rh3+ Rh6 45. Rf7+
Kg6 46. Rf6+ Qxf6 47. Rxh6+ Kxh6 48. Qxe1 Qxb2 49. Qe6+ Kg5 50. Qxd5+ Kg4 51.
Qf3+ Kg5 52. Qg3+ Kf5 53. Qf2+ Qxf2+ 54. Kxf2 Kf4 55. g3+ $11 1/2-1/2

[Event "European Youth Chess Championship G16"]
[Site "Prague, Top Hotel Prague"]
[Date "2016.08.21"]
[Round "4.21"]
[White "Khristenko, Anna"]
[Black "Panainte, Andreea-Bianca"]
[Result "0-1"]
[WhiteElo "1957"]
[BlackElo "1799"]
[PlyCount "130"]
[EventDate "2016.08.18"]

1. Nf3 d5 2. g3 Nf6 3. Bg2 e6 4. O-O Be7 5. d3 O-O 6. Nbd2 c5 7. e4 Nc6 8. Re1
b6 9. e5 Nd7 10. Nf1 Qc7 11. Bf4 Bb7 12. h4 b5 13. h5 Nb6 14. N1h2 d4 15. h6 g6
16. Ng4 Nd5 17. Bg5 Bxg5 18. Nxg5 Nce7 19. Ne4 Nf5 20. Qd2 Kh8 21. Qg5 Rac8 22.
Ngf6 Qd8 23. g4 Nxf6 24. exf6 Bxe4 25. dxe4 Nd6 26. e5 Nc4 27. b3 Nb6 28. Rad1
Qc7 29. Qd2 Rfd8 30. Qa5 b4 31. Qb5 Rb8 32. Qe2 c4 33. bxc4 Nxc4 34. Qe4 Qc5
35. Bf1 Nb2 36. Rb1 Na4 37. Ra1 Rbc8 38. Bd3 Nc3 39. Qf3 Rd5 40. Qf4 a5 41. Kh2
a4 42. Ba6 Rc7 43. Bd3 Ra7 44. Kg1 Ra5 45. Kh2 Rxe5 46. Qg3 Kg8 47. Kh3 Rxe1
48. Rxe1 Nxa2 49. Qb8+ Qf8 50. Qf4 Nc3 51. Qxd4 a3 52. Bc4 a2 53. Ra1 Qxh6+ 54.
Kg2 Qf8 55. Qb6 Ra3 56. g5 Nd5 57. Bxd5 exd5 58. Qb7 d4 59. Kg1 Qa8 60. Qxb4
Rh3 61. f3 Rxf3 62. Qe1 Rh3 63. Rxa2 Qh1+ 64. Kf2 Qf3+ 65. Kg1 Rh1# 0-1

[Event "European Youth Chess Championship G16"]
[Site "Prague, Top Hotel Prague"]
[Date "2016.08.21"]
[Round "4.22"]
[White "Jibuti, Nata"]
[Black "Henderson, de La Fuente Andrea"]
[Result "1-0"]
[WhiteElo "1761"]
[BlackElo "2027"]
[PlyCount "61"]
[EventDate "2016.08.18"]

1. e4 d6 2. d4 Nf6 3. Nc3 e5 4. Nf3 Nbd7 5. Bc4 Be7 6. O-O O-O 7. Re1 c6 8. a4
b6 9. Ba2 a6 10. Bg5 Rb8 11. Qd2 b5 12. axb5 axb5 13. h3 b4 14. Na4 Re8 15. Qe3
Qc7 16. dxe5 dxe5 17. Bxf6 Bxf6 18. Nc5 Nxc5 19. Qxc5 Rb5 20. Qe3 Be7 21. Bc4
Bc5 22. Qg5 Rb8 23. Red1 Be6 24. Bxe6 Rxe6 25. Rd2 f6 26. Qg4 Rd6 27. Rad1 Re8
28. Rxd6 Bxd6 29. Nh4 Kf7 30. Nf5 Bf8 31. Qh5+ 1-0

[Event "European Youth Chess Championship G16"]
[Site "Prague, Top Hotel Prague"]
[Date "2016.08.21"]
[Round "4.23"]
[White "Nilssen, Ellen Fredericia"]
[Black "Giordano, Giulia"]
[Result "1-0"]
[WhiteElo "1947"]
[BlackElo "1831"]
[PlyCount "55"]
[EventDate "2016.08.18"]

1. d4 d5 2. c4 e5 3. dxe5 d4 4. Nf3 Nc6 5. a3 Bg4 6. Nbd2 Qe7 7. h3 Bxf3 8.
Nxf3 O-O-O 9. Qa4 Nxe5 10. Nxe5 Qxe5 11. Qxa7 c6 12. g3 g5 13. h4 Qe4 14. Bxg5
Ne7 15. Bh3+ f5 16. Qa8+ Kd7 17. Qxb7+ Ke8 18. O-O Rd7 19. Qb6 Rg8 20. Bg2 Qe6
21. Bxe7 Bxe7 22. Bxc6 Qe5 23. Bxd7+ Kf8 24. Qh6+ Rg7 25. Kh2 Bf6 26. Qf4 Qe7
27. Qb8+ Kf7 28. Qe8+ 1-0

[Event "European Youth Chess Championship G16"]
[Site "Prague, Top Hotel Prague"]
[Date "2016.08.21"]
[Round "4.24"]
[White "Greibrokk, Ingrid"]
[Black "Silva, Ana Ines Teixeira Da"]
[Result "1-0"]
[WhiteElo "1912"]
[BlackElo "1781"]
[PlyCount "119"]
[EventDate "2016.08.18"]

1. e4 c6 2. d4 d5 3. Nc3 dxe4 4. Nxe4 Nd7 5. Nf3 Ngf6 6. Ng3 e6 7. Bd3 c5 8.
dxc5 Nxc5 9. Bb5+ Bd7 10. Bxd7+ Qxd7 11. Bg5 Qxd1+ 12. Rxd1 Nce4 13. Nxe4 Nxe4
14. Bf4 Bc5 15. O-O O-O 16. Nd2 Nxd2 17. Rxd2 Rfd8 18. Rfd1 Be7 19. Bd6 Rxd6
20. Rxd6 Bxd6 21. Rxd6 Kf8 22. Rd7 b6 23. Kf1 Rc8 24. c3 a5 25. Rb7 Rc6 26. Ke2
Rd6 27. b4 axb4 28. cxb4 g6 29. Ke3 Kg7 30. a4 Kf6 31. Ke4 h5 32. a5 bxa5 33.
bxa5 Rd2 34. a6 Rxf2 35. a7 Ra2 36. Kd4 e5+ 37. Kd5 Ra5+ 38. Kc6 e4 39. Kc7 e3
40. Kb8 e2 41. Rb1 Rb5+ 42. Rxb5 e1=Q 43. Rb6+ Kg7 44. a8=Q Qe5+ 45. Kb7 Qe7+
46. Kb8 Qe8+ 47. Ka7 Qa4+ 48. Ra6 Qd4+ 49. Kb7 Qd7+ 50. Kb6 Qd4+ 51. Kc6 Qe4+
52. Kd7 Qf5+ 53. Kc7 Qe5+ 54. Rd6 Qe7+ 55. Rd7 Qe5+ 56. Kd8 Qg5+ 57. Re7 Qc5
58. Qa1+ Kh6 59. Qh8+ Kg5 60. Re5+ 1-0

[Event "European Youth Chess Championship G16"]
[Site "Prague, Top Hotel Prague"]
[Date "2016.08.21"]
[Round "4.25"]
[White "Scarpa, Silvia"]
[Black "Karykowska, Anna"]
[Result "1/2-1/2"]
[WhiteElo "1848"]
[BlackElo "1772"]
[PlyCount "112"]
[EventDate "2016.08.18"]

1. e4 c5 2. Nc3 a6 3. g3 b5 4. Bg2 Bb7 5. d3 e6 6. Nf3 Nf6 7. O-O b4 8. Ne2 Be7
9. c3 O-O 10. Nf4 d5 11. e5 Nfd7 12. d4 Nc6 13. Re1 a5 14. Be3 a4 15. dxc5 bxc3
16. Qc2 cxb2 17. Qxb2 Qc7 18. Rac1 Rfb8 19. Qc3 Ndxe5 20. Nxe5 Qxe5 21. Qxe5
Nxe5 22. Bd4 Nc6 23. Be5 Nxe5 24. Rxe5 Bf6 25. Re2 Bc6 26. Nd3 Bb5 27. Rd2 Bxd3
28. Rxd3 Rc8 29. Rd2 Ra6 30. Rb1 Rac6 31. Rc2 g6 32. Rb4 a3 33. Ra4 Rxc5 34.
Rxc5 Rxc5 35. Rxa3 Rc1+ 36. Bf1 Bd4 37. Rd3 e5 38. Rd2 Ra1 39. Kg2 Bc3 40. Rxd5
Rxa2 41. Bc4 Ra7 42. Rc5 Bd4 43. Rb5 Kg7 44. Bb3 Rc7 45. Kf1 f5 46. Ke2 e4 47.
Rb4 Bc3 48. Rc4 $11 Rxc4 49. Bxc4 Bd4 50. Bb3 Kf6 51. h3 h5 52. f3 e3 53. g4
fxg4 54. fxg4 h4 55. Kf3 $11 Ke5 56. Bc4 g5 1/2-1/2

[Event "European Youth Chess Championship G16"]
[Site "Prague, Top Hotel Prague"]
[Date "2016.08.21"]
[Round "4.26"]
[White "Lomandong, Noela-Joyce"]
[Black "Kopcova, Ludmila"]
[Result "1/2-1/2"]
[WhiteElo "1841"]
[BlackElo "1738"]
[PlyCount "56"]
[EventDate "2016.08.18"]

1. e4 e5 2. Bc4 Nf6 3. d3 c6 4. Nf3 d5 5. Bb3 Bd6 6. O-O h6 7. Nc3 Be6 8. Re1
d4 9. Bxe6 fxe6 10. Ne2 O-O 11. Ng3 Nbd7 12. c3 c5 13. Qb3 Qe8 14. Bd2 b6 15.
Rac1 Rd8 16. Qb5 Nb8 17. Qxe8 Rfxe8 $11 18. cxd4 cxd4 19. Nxd4 exd4 20. e5 Be7
21. exf6 Bxf6 22. Ne4 h5 23. Nxf6+ gxf6 24. Re4 e5 25. f3 Rc8 26. Ree1 Nd7 27.
b4 Kf7 28. Kf2 b5 1/2-1/2

[Event "European Youth Chess Championship G16"]
[Site "Prague, Top Hotel Prague"]
[Date "2016.08.21"]
[Round "4.27"]
[White "Blond Hanten, Elsa"]
[Black "Vrtiakova, Anna"]
[Result "0-1"]
[WhiteElo "1731"]
[BlackElo "1952"]
[PlyCount "110"]
[EventDate "2016.08.18"]

1. e4 c5 2. Nf3 d6 3. d4 cxd4 4. Nxd4 Nf6 5. Nc3 a6 6. g3 e5 7. Nde2 Be7 8. Bg2
O-O 9. h3 Be6 10. g4 Nbd7 11. Ng3 Nb6 12. Nd5 Nbxd5 13. exd5 Bxd5 14. Bxd5 Qa5+
15. Qd2 Qxd5 16. Qxd5 Nxd5 17. O-O Rfd8 18. Rd1 Nb6 19. b3 d5 20. c3 Rac8 21.
Be3 Bc5 22. Re1 d4 23. cxd4 exd4 24. Bd2 Nd5 25. Rad1 d3 26. Bg5 f6 27. Rxd3
Nb4 28. Rxd8+ Rxd8 29. Bf4 Nd3 30. Rd1 Bxf2+ 31. Kf1 Bxg3 32. Bxg3 Rd5 33. Ke2
Nb4 34. Rxd5 Nxd5 35. a3 Kf7 36. Kd3 Ke6 37. Kd4 g6 38. b4 f5 39. gxf5+ gxf5
40. Bh2 Nf6 41. Be5 Ne4 42. Bf4 b5 43. Bh2 Ng5 44. Kc5 Nxh3 45. Kb6 Kd5 46.
Kxa6 Kc4 47. Bg3 f4 48. Be1 f3 49. Ka5 f2 50. Bxf2 Nxf2 51. a4 bxa4 52. Kxa4
Nd3 53. b5 h5 54. b6 Nc5+ 55. Ka5 h4 0-1

[Event "European Youth Chess Championship G16"]
[Site "Prague, Top Hotel Prague"]
[Date "2016.08.21"]
[Round "4.28"]
[White "Milovanova, Maria"]
[Black "Espinosa, Cancino Monica"]
[Result "1-0"]
[WhiteElo "2138"]
[BlackElo "1682"]
[PlyCount "111"]
[EventDate "2016.08.18"]

1. d4 d5 2. c4 c6 3. Nf3 Nf6 4. Qb3 e6 5. Nc3 dxc4 6. Qxc4 b5 7. Qb3 a5 8. Bg5
a4 9. Qc2 h6 10. Bxf6 Qxf6 11. Nxb5 Bb4+ 12. Nc3 O-O 13. e3 Bb7 14. a3 Bxc3+
15. bxc3 Nd7 16. Be2 Qe7 17. O-O c5 18. Rfb1 Rfb8 19. Nd2 Bc6 20. Qd3 Nb6 21.
c4 Nd7 22. Qc3 Nf6 23. Bf3 Bxf3 24. Nxf3 Ne4 25. Qd3 Ng5 26. Ne1 Qc7 27. h4 Nh7
28. Nf3 Nf6 29. Qc2 Nd7 30. Rxb8+ Qxb8 31. Rb1 Qd6 32. Qc3 f6 33. Rb5 Rb8 34.
Qb2 cxd4 35. exd4 Rc8 36. c5 Qc6 37. Rb4 Ra8 38. Qc2 Kf7 39. Qc4 g6 40. Qb5 Nb8
41. Qb7+ Qxb7 42. Rxb7+ Kf8 43. Rh7 h5 44. Kf1 Ke8 45. c6 Kd8 46. c7+ Kc8 47.
cxb8=Q+ Rxb8 48. Rh8+ Kc7 49. Rxb8 Kxb8 50. Ke2 Kc7 51. Kd3 Kb6 52. Kc4 Ka5 53.
Kc5 Ka6 54. Kb4 Kb6 55. Kxa4 f5 56. Ng5 1-0

[Event "European Youth Chess Championship G16"]
[Site "Prague, Top Hotel Prague"]
[Date "2016.08.21"]
[Round "4.29"]
[White "Sliwicka, Alicja"]
[Black "Daliga, Anita"]
[Result "1-0"]
[WhiteElo "2138"]
[BlackElo "1638"]
[PlyCount "61"]
[EventDate "2016.08.18"]

1. e4 e5 2. Nf3 Nc6 3. d4 exd4 4. Nxd4 Nf6 5. Nxc6 bxc6 6. e5 Qe7 7. Qe2 Nd5 8.
c4 Ba6 9. b3 g6 10. f4 Bg7 11. Qf2 Nb6 12. Ba3 Qe6 13. Be2 Bf8 14. Bxf8 Kxf8
15. O-O Kg7 16. Nd2 d6 17. Nf3 f5 18. Nd4 Qe8 19. Bf3 Bb7 20. Rfe1 Qd7 21. e6
Qe8 22. Qb2 Kg8 23. e7 h6 24. Ne6 Qxe7 25. Nc5 Qf8 26. Nxb7 a5 27. Bxc6 Kh7 28.
Re6 Qg7 29. Qxg7+ Kxg7 30. Re7+ Kf6 31. Rae1 1-0

[Event "European Youth Chess Championship G16"]
[Site "Prague, Top Hotel Prague"]
[Date "2016.08.21"]
[Round "4.30"]
[White "Nazarova, Anastasia"]
[Black "Zach, Asif"]
[Result "1/2-1/2"]
[WhiteElo "2006"]
[BlackElo "1569"]
[PlyCount "64"]
[EventDate "2016.08.18"]

1. e4 c5 2. Nf3 g6 3. c4 Bg7 4. d4 cxd4 5. Nxd4 Nc6 6. Be3 Nf6 7. Nc3 O-O 8.
Be2 d6 9. O-O Bd7 10. Rc1 Nxd4 11. Bxd4 Bc6 12. f3 Nd7 13. Bxg7 Kxg7 14. Qd4+
Kg8 15. b4 Qb6 16. Qxb6 Nxb6 17. Nd5 Bxd5 18. cxd5 Rfc8 19. Kf2 h5 20. Ke3 a5
21. Rxc8+ Nxc8 22. bxa5 Rxa5 23. Rc1 Rc5 24. Rb1 Rc7 25. Rb5 Kg7 26. Bd3 e6 27.
h4 Ne7 28. dxe6 fxe6 29. Rb6 Nc8 30. Rb5 Ne7 31. Rb6 Nc8 32. Rb5 Na7 $11
1/2-1/2

[Event "European Youth Chess Championship G16"]
[Site "Prague, Top Hotel Prague"]
[Date "2016.08.21"]
[Round "4.31"]
[White "Nemeth, Noemi Anna"]
[Black "Yurovskikh, Yasmin"]
[Result "1-0"]
[WhiteElo "1690"]
[BlackElo "1842"]
[PlyCount "111"]
[EventDate "2016.08.18"]

1. d4 d5 2. c4 c6 3. Nc3 e5 4. cxd5 cxd5 5. dxe5 d4 6. Ne4 Qa5+ 7. Nd2 Nc6 8.
Ngf3 Bg4 9. Qb3 O-O-O 10. g3 d3 11. Bg2 dxe2 12. Qc4 Bxf3 13. Bxf3 Bb4 14. Bxc6
Bxd2+ 15. Kxe2 bxc6 16. Rd1 Bxc1 17. Qxc6+ Kb8 18. Rxd8+ Qxd8 19. Qb5+ Qb6 20.
Qe8+ Kb7 21. Qxf7+ Qc7 22. Qxc7+ Kxc7 23. Rxc1+ Kd7 24. Rd1+ Kc7 25. Rc1+ Kb8
26. Rd1 Ne7 27. Rd7 Re8 28. f4 h5 29. h3 g6 30. Kf3 a5 31. g4 Kc8 32. Ra7 Nc6
33. Rg7 hxg4+ 34. hxg4 Ne7 35. Ke4 Kd8 36. f5 gxf5+ 37. gxf5 Nc6 38. e6 Re7 39.
Rg8+ Kc7 40. a3 Kd6 41. Rg1 Nd8 42. Rd1+ Kc7 43. Kd4 Nc6+ 44. Kd5 Re8 45. Ke4
Re7 46. Kf4 Nd8 47. Kg5 Nc6 48. Kg6 a4 49. Re1 Kd6 50. Re4 Nd8 51. Rxa4 Nc6 52.
Re4 Kd5 53. Re1 Nd4 54. b4 Kc4 55. Kf6 Nc6 56. Rc1+ 1-0

[Event "European Youth Chess Championship G16"]
[Site "Prague, Top Hotel Prague"]
[Date "2016.08.21"]
[Round "4.32"]
[White "Novotna, Tereza"]
[Black "Ayan, Bengu Sena"]
[Result "0-1"]
[WhiteElo "1566"]
[BlackElo "1835"]
[PlyCount "114"]
[EventDate "2016.08.18"]

1. d4 d5 2. c4 c6 3. Nf3 Nf6 4. Nc3 e6 5. e3 g6 6. Qc2 Bg7 7. c5 O-O 8. h4 Nbd7
9. Bd3 e5 10. dxe5 Ng4 11. Na4 Ndxe5 12. Be2 Bf5 13. Qb3 Nxf3+ 14. gxf3 Ne5 15.
Bd2 d4 16. exd4 Qxd4 17. Be3 Qd7 18. Rd1 Qc7 19. h5 Rad8 20. Rd6 b5 21. Nc3
Rxd6 22. cxd6 Qxd6 23. Ne4 Bxe4 24. fxe4 Rd8 25. hxg6 hxg6 26. Rg1 Nc4 27. Bxc4
bxc4 28. Qc2 Qb4+ 29. Ke2 Qxb2 30. Qxb2 Bxb2 31. Rg5 Bd4 32. Bxd4 Rxd4 33. f3
c3 34. Rc5 Rd2+ 35. Ke3 Rxa2 36. Rxc3 Ra6 37. Kd4 Kf8 38. Kc5 Ke7 39. Rb3 Ke6
40. f4 Ra4 41. f5+ gxf5 42. exf5+ Kxf5 43. Kxc6 Ke4 44. Kb5 Rd4 45. Ra3 f5 46.
Rxa7 f4 47. Re7+ Kf3 48. Kc5 Rd8 49. Kc4 Kg3 50. Rg7+ Kf2 51. Rf7 f3 52. Kc3
Kg2 53. Rg7+ Kf1 54. Rf7 f2 55. Kc2 Rg8 56. Kd2 Kg2 57. Ke2 Re8+ 0-1

[Event "European Youth Chess Championship G16"]
[Site "Prague, Top Hotel Prague"]
[Date "2016.08.21"]
[Round "4.33"]
[White "Vlkova, Anezka"]
[Black "Manitcaia, Alina"]
[Result "1-0"]
[WhiteElo "1823"]
[BlackElo "1496"]
[PlyCount "37"]
[EventDate "2016.08.18"]

1. e4 c5 2. Nc3 d6 3. g3 Nf6 4. Bg2 g6 5. d3 Bg7 6. f4 Nc6 7. Nf3 a6 8. h3 Qc7
9. g4 O-O 10. O-O b5 11. Ne2 h5 12. g5 Ne8 13. Nh4 e6 14. Ng3 Ne7 15. f5 Be5
16. Qf3 Bxg3 17. fxg6 Ng7 18. gxf7+ Kh7 19. Qxg3 1-0

[Event "European Youth Chess Championship G16"]
[Site "Prague, Top Hotel Prague"]
[Date "2016.08.21"]
[Round "4.34"]
[White "Nass, Sara"]
[Black "Karatiken, Seray"]
[Result "1-0"]
[WhiteElo "1814"]
[BlackElo "1489"]
[PlyCount "71"]
[EventDate "2016.08.18"]

1. e4 c5 2. Nf3 d6 3. d4 cxd4 4. Nxd4 Nf6 5. Nc3 g6 6. Be3 Bg7 7. f3 O-O 8. Qd2
Nc6 9. Bc4 Bd7 10. O-O-O Rc8 11. Bb3 Ne5 12. Kb1 Nc4 13. Bxc4 Rxc4 14. h4 h5
15. g4 hxg4 16. h5 Nxh5 17. Rdg1 gxf3 18. Rxh5 e5 19. Nxf3 gxh5 20. Bh6 Bg4 21.
Qh2 Qf6 22. Bxg7 Qxg7 23. Nh4 Rd8 24. Nf5 Qg5 25. Nh6+ Kf8 26. Nxg4 hxg4 27.
Qh8+ Ke7 28. Nd5+ Kd7 29. Qh7 Ke6 30. Rf1 Rf8 31. Rf6+ Kd7 32. Rxf7+ Rxf7 33.
Qxf7+ Kd8 34. Nf6 Kc8 35. Qd7+ Kb8 36. Qd8+ 1-0

[Event "European Youth Chess Championship G16"]
[Site "Prague, Top Hotel Prague"]
[Date "2016.08.21"]
[Round "4.35"]
[White "Jorge, Rita Maria Osorio"]
[Black "Smith, Sarah E"]
[Result "1-0"]
[WhiteElo "1794"]
[BlackElo "1478"]
[PlyCount "75"]
[EventDate "2016.08.18"]

1. e4 d5 2. exd5 Qxd5 3. Nc3 Qd8 4. d4 Nf6 5. Nf3 Bg4 6. h3 Bxf3 7. Qxf3 c6 8.
Be3 e6 9. Bc4 Nbd7 10. O-O Bd6 11. Rad1 O-O 12. Bb3 Qa5 13. Rfe1 Qh5 14. g4 Qh4
15. Bc1 Nd5 16. Ne4 Be7 17. c4 f5 18. Ng3 fxg4 19. Qxg4 Nf4 20. Qxh4 Bxh4 21.
Bxf4 Rxf4 22. Rxe6 Raf8 23. Re2 h6 24. Kg2 Nb6 25. Rc2 Kh7 26. d5 cxd5 27. cxd5
Nc8 28. d6 Nb6 29. Rdd2 a5 30. a3 a4 31. Ba2 g6 32. Rc7+ Kh8 33. Rxb7 Bf6 34.
Rxb6 Bd4 35. Rb4 Be5 36. Rxf4 Bxf4 37. Rd3 Bg5 38. d7 1-0

[Event "European Youth Chess Championship G16"]
[Site "Prague, Top Hotel Prague"]
[Date "2016.08.21"]
[Round "4.36"]
[White "Tomic, Jelena"]
[Black "Manova, Ivana"]
[Result "1-0"]
[WhiteElo "1631"]
[BlackElo "1792"]
[PlyCount "43"]
[EventDate "2016.08.18"]

1. e4 e5 2. Nf3 Nc6 3. Bb5 a6 4. Ba4 Nf6 5. O-O b5 6. Bb3 Be7 7. d3 O-O 8. c3
d5 9. Qe2 d4 10. h3 Bb7 11. Nbd2 Bc5 12. Rd1 Qd6 13. Nf1 Na5 14. Bc2 Bb6 15.
Ng3 c5 16. Nf5 Qc7 17. Bg5 Nd7 18. Be7 Rfe8 19. Ng5 g6 20. Qf3 gxf5 21. Qxf5
Nf8 22. Qxf7+ 1-0

[Event "European Youth Chess Championship G16"]
[Site "Prague, Top Hotel Prague"]
[Date "2016.08.21"]
[Round "4.37"]
[White "Tumova, Anna"]
[Black "Condes, Alexie Sheen"]
[Result "1-0"]
[WhiteElo "1787"]
[BlackElo "1469"]
[PlyCount "36"]
[EventDate "2016.08.18"]

1. e4 e5 2. Nf3 Nc6 3. Bc4 Bc5 4. c3 d6 5. d4 Bb6 6. dxe5 Be6 7. Bxe6 fxe6 8.
exd6 cxd6 9. O-O Nf6 10. Bg5 O-O 11. Nbd2 Qc7 12. Qb3 d5 13. Bxf6 Rxf6 14. exd5
exd5 15. Qxd5+ Kf8 16. Ng5 Ke8 17. Nde4 Ne7 18. Nxf6+ gxf6 1-0

[Event "European Youth Chess Championship G16"]
[Site "Prague, Top Hotel Prague"]
[Date "2016.08.21"]
[Round "4.38"]
[White "Ciocan, Maria-Alexandra"]
[Black "Smajzrova, Veronika"]
[Result "1-0"]
[WhiteElo "1742"]
[BlackElo "1442"]
[PlyCount "87"]
[EventDate "2016.08.18"]

1. e4 e6 2. d3 d5 3. Nd2 dxe4 4. dxe4 e5 5. Bd3 Nc6 6. Ngf3 Bd6 7. h3 Be6 8.
Nc4 h6 9. Qe2 Qd7 10. Bd2 O-O-O 11. O-O-O Nf6 12. Bc3 Bxc4 13. Bxc4 Rhe8 14.
Bb5 Qe6 15. Kb1 Kb8 16. Rhe1 Nd7 17. Bxc6 bxc6 18. Qa6 Nb6 19. Nd2 f6 20. Nb3
Qc4 21. Qxc4 Nxc4 22. Rd3 g6 23. Rg3 Rg8 24. Rf3 f5 25. g3 Rgf8 26. Nc1 fxe4
27. Rxf8 Rxf8 28. Rxe4 Nb6 29. Nd3 Nd7 30. Re2 Kb7 31. Kc1 Re8 32. f4 e4 33.
Nf2 e3 34. Ng4 Bc5 35. Nxh6 Re7 36. Ng4 Rh7 37. h4 Re7 38. b4 Bb6 39. Kd1 c5
40. b5 c4 41. Bd2 Nc5 42. Nxe3 Ne4 43. Nxc4 Nxd2 44. Nd6+ 1-0

[Event "European Youth Chess Championship G16"]
[Site "Prague, Top Hotel Prague"]
[Date "2016.08.21"]
[Round "4.40"]
[White "Gailiunaite, Saule"]
[Black "Buchta, Agnieszka"]
[Result "1/2-1/2"]
[WhiteElo "1844"]
[BlackElo "1599"]
[PlyCount "60"]
[EventDate "2016.08.18"]

1. d4 Nf6 2. c4 e6 3. Nc3 Bb4 4. Qc2 O-O 5. a3 Bxc3+ 6. Qxc3 d6 7. Bg5 h6 8.
Bh4 Nc6 9. Nf3 Qe7 10. e3 e5 11. d5 Nb8 12. Nd2 a5 13. b3 b6 14. Bd3 g5 15. Bg3
Nh5 16. Be2 Ng7 17. f3 f5 18. Bf2 Nd7 19. h4 Nf6 20. hxg5 hxg5 21. O-O-O Bd7
22. Rde1 Rae8 23. f4 exf4 24. exf4 Ne4 25. Nxe4 fxe4 26. Bd4 gxf4 27. Rh6 f3
28. Bf6 Rxf6 29. Rxf6 fxe2 30. Rxe2 Qe5 1/2-1/2

[Event "European Youth Chess Championship G16"]
[Site "Prague, Top Hotel Prague"]
[Date "2016.08.21"]
[Round "4.41"]
[White "Pellicoro, Nathalie"]
[Black "Markova, Ralitca"]
[Result "0-1"]
[WhiteElo "1832"]
[BlackElo "1581"]
[PlyCount "40"]
[EventDate "2016.08.18"]

1. e4 c5 2. Nc3 Nc6 3. f4 d6 4. Nf3 g6 5. Bb5 Bd7 6. Bc4 Bg7 7. O-O e5 8. fxe5
dxe5 9. Bxf7+ Kxf7 10. Nxe5+ Ke8 11. Nf7 Bd4+ 12. Kh1 Qh4 13. Qf3 Bg4 14. Nd6+
Kd7 15. Qf7+ Nge7 16. g3 Qh5 17. Qf4 Rhf8 18. Nf7 Ne5 19. Nd5 Bf3+ 20. Qxf3
Nxf3 0-1